Normal view
MARC view
- Begamudre, Rakosh Das
Entry Personal Name
001 - CONTROL NUMBER
- control field: 83214
003 - CONTROL NUMBER IDENTIFIER
- control field: NUST
005 - DATE AND TIME OF LATEST TRANSACTION
- control field: 20211015104940.0
008 - FIXED-LENGTH DATA ELEMENTS
- fixed length control field: 211015|| aca||aabn | a|a d
040 ## - CATALOGING SOURCE
- Original cataloging agency: NUST
- Transcribing agency: NUST
100 ## - HEADING--PERSONAL NAME
- Personal name: Begamudre, Rakosh Das
670 ## - SOURCE DATA FOUND
- Source citation: Work cat.: (NUST)33721: Begamudre, Rakosh Das, Electro-mechanical Energy Conversion with Dynamics of Machines, 2010.
